Minnesota Former and Current Municipalities - Statistics

General Stats
  • This quiz has been taken 9 times
    6 since last reset
  • The average score is 259 of 3571
Answer Stats
Municipality % Correct
Albert Lea
75%
Chanhassen
75%
Crooks
75%
Crookston
75%
Duluth
75%
Eagan
75%
Eden
75%
Minneapolis
75%
Saint Paul
75%
South St. Paul
75%
Ada
50%
Adams
50%
Adrian
50%
Aitkin
50%
Albertville
50%
Alden
50%
Alexandria
50%
Andover
50%
Appleton
50%
Apple Valley
50%
Atwater
50%
Austin
50%
Bald Eagle
50%
Barnesville
50%
Barnum
50%
Baxter
50%
Belgrade
50%
Benson
50%
Blaine
50%
Blomkest
50%
Bloom
50%
Blooming Prairie
50%
Bloomington
50%
Blue Earth
50%
Braham
50%
Brainerd
50%
Breckenridge
50%
Brooklyn Center
50%
Brooklyn Park
50%
Brooten
50%
Browerville
50%
Brownton
50%
Buffalo
50%
Buffalo Lake
50%
Burnsville
50%
Carlton
50%
Champlin
50%
Chisago City
50%
Clara City
50%
Clarissa
50%
Clark
50%
Clarks Grove
50%
Clear Lake
50%
Clearwater
50%
Cohasset
50%
Cokato
50%
Cold Spring
50%
Comfrey
50%
Coon Rapids
50%
Cosmos
50%
Cottage Grove
50%
Cotton
50%
Cottonwood
50%
Cushing
50%
Dalton
50%
Dassel
50%
Delano
50%
Detroit
50%
Detroit Lakes
50%
Dilworth
50%
Dorset
50%
Dover
50%
Downer
50%
Eagle
50%
Eagle Bend
50%
East Grand Forks
50%
Eden Prairie
50%
Eden Valley
50%
Edina
50%
Elbow Lake
50%
Elk
50%
Elko New Market
50%
Elk River
50%
Ellendale
50%
Ely
50%
Esko
50%
Eyota
50%
Farming
50%
Farmington
50%
Felton
50%
Fergus Falls
50%
Foley
50%
Forest
50%
Forest Lake
50%
Foreston
50%
Fosston
50%
Fulda
50%
Glen
50%
Grand Rapids
50%
Hawley
50%
International Falls
50%
Jackson
50%
Janesville
50%
Jeffers
50%
Jordan
50%
Key West
50%
Kiester
50%
Lake
50%
Lincoln
50%
Mankato
50%
Minnetonka
50%
Moorhead
50%
New Brighton
50%
North
50%
North St. Paul
50%
Norwood Young America
50%
Oak
50%
P
50%
Payne
50%
Paynesville
50%
Pine City
50%
Sartell
50%
Sauk Centre
50%
Sauk Rapids
50%
Silver
50%
Silver Lake
50%
Spring Valley
50%
St. Cloud
50%
Stephen
50%
Victor
50%
Victoria
50%
Wabasha
50%
Washington
50%
Waverly
50%
West St. Paul
50%
Winona
50%
Acton
25%
Afton
25%
Ah-gwah-ching
25%
Akeley
25%
Akron
25%
Alba
25%
Albany
25%
Alberta
25%
Albin
25%
Albion
25%
Albion Center
25%
Alma
25%
Almelund
25%
Alpha
25%
Alton
25%
Altura
25%
Alvarado
25%
Amboy
25%
Amiret
25%
Ann
25%
Annandale
25%
Anoka
25%
Arco
25%
Arcola
25%
Arden Hills
25%
Argyle
25%
Arlington
25%
Ashby
25%
Askov
25%
Atkinson
25%
Audubon
25%
Aurora
25%
Averill
25%
Avon
25%
Babbitt
25%
Backus
25%
Bagley
25%
Baker
25%
Balaton
25%
Ball Club
25%
Battle
25%
Battle Lake
25%
Bayport
25%
Bayview
25%
Beardsley
25%
Beaver
25%
Beaver Bay
25%
Becker
25%
Bejou
25%
Bellechester
25%
Belle Plaine
25%
Beltrami
25%
Bemidji
25%
Bena
25%
Beroun
25%
Bertha
25%
Bethel
25%
Bigfork
25%
Big Lake
25%
Birch
25%
Birchwood Village
25%
Bird Island
25%
Biwabik
25%
Blackduck
25%
Blueberry
25%
Bluffton
25%
Bock
25%
Borup
25%
Bovey
25%
Bowlus
25%
Breezy Point
25%
Brewster
25%
Bricelyn
25%
Brook Park
25%
Brooks
25%
Brookston
25%
Brownsdale
25%
Browns Valley
25%
Brownsville
25%
Bruno
25%
Buh
25%
Buhl
25%
Butterfield
25%
Butternut
25%
Byron
25%
Cable
25%
Caledonia
25%
Callaway
25%
Cambridge
25%
Camp
25%
Campbell
25%
Canby
25%
Cannon
25%
Cannon Falls
25%
Carlisle
25%
Carlos
25%
Carver
25%
Cass Lake
25%
Castle Danger
25%
Cedar
25%
Center
25%
Center City
25%
Centerville
25%
Chaska
25%
Chatfield
25%
Chester
25%
Chisholm
25%
Chokio
25%
Circle Pines
25%
Claremont
25%
Clarkfield
25%
Clearbrook
25%
Cleveland
25%
Clinton
25%
Clitherall
25%
Clontarf
25%
Cloquet
25%
Coates
25%
Cobden
25%
Coleraine
25%
Colfax
25%
Collegeville
25%
Cologne
25%
Columbia
25%
Columbia Heights
25%
Columbus
25%
Comstock
25%
Conception
25%
Conger
25%
Cook
25%
Corcoran
25%
Cormorant
25%
Courtland
25%
Croftville
25%
Crosby
25%
Crosslake
25%
Crystal
25%
Cyrus
25%
Dahlgren
25%
Dalbo
25%
Dale
25%
Dawson
25%
Day
25%
Dayton
25%
Deephaven
25%
Deer
25%
Deer Creek
25%
Deer River
25%
Deerwood
25%
Delavan
25%
Dell
25%
Dellwood
25%
Dent
25%
Dexter
25%
Dodge Center
25%
Donnelly
25%
Dora
25%
Dovray
25%
Dundas
25%
Dunn
25%
Dunvilla
25%
Eagle Lake
25%
East Beaver Bay
25%
East Bethel
25%
East Gull Lake
25%
Easton
25%
East Union
25%
Edgerton
25%
Edwards
25%
Eitzen
25%
Eldes Corner
25%
Elgin
25%
Elizabeth
25%
Elmo
25%
Elmore
25%
Elrosa
25%
Elysian
25%
Emily
25%
Emmaville
25%
Emmons
25%
Empire
25%
Erhard
25%
Erskine
25%
Euclid
25%
Evan
25%
Evansville
25%
Eveleth
25%
Evergreen
25%
Excel
25%
Excelsior
25%
Fairfax
25%
Fairmont
25%
Faith
25%
Falcon Heights
25%
Faribault
25%
Fertile
25%
Fifty Lakes
25%
Fillmore
25%
Flom
25%
Floodwood
25%
Forada
25%
Fort Ripley
25%
Four Corners
25%
Fox
25%
Foxhome
25%
Franconia
25%
Franklin
25%
Freeport
25%
Fridley
25%
Frontenac
25%
Frost
25%
Funkley
25%
Gary
25%
Gaylord
25%
Geneva
25%
Gibbon
25%
Gilbert
25%
Glencoe
25%
Glenville
25%
Glenwood
25%
Glyndon
25%
Goodhue
25%
Gordon
25%
Gordonsville
25%
Grand Marais
25%
Grand Meadow
25%
Grand Portage
25%
Grand Prairie
25%
Granite
25%
Granite Falls
25%
Grant
25%
Grasston
25%
Grove
25%
Grove City
25%
Hallock
25%
Hamilton
25%
Hancock
25%
Harmony
25%
Hastings
25%
Hasty
25%
Hawick
25%
Hector
25%
Hewitt
25%
Hinckley
25%
Holden
25%
Holding
25%
Holdingford
25%
Home
25%
Houston
25%
Howard Lake
25%
Hutchinson
25%
Inver Grove Heights
25%
Ironton
25%
Ivanhoe
25%
Jacobson
25%
Jenkins
25%
Kelliher
25%
Kellogg
25%
Kerkhoven
25%
Kimball
25%
King
25%
Kingston
25%
Kragnes
25%
Kroschel
25%
Kurtz
25%
Lake City
25%
Lake Lillian
25%
Lake Park
25%
Lakeville
25%
Land
25%
Lansing
25%
Le Roy
25%
Lewis
25%
Lewiston
25%
Lexington
25%
Lino Lakes
25%
Litchfield
25%
Little Falls
25%
Long Prairie
25%
Luverne
25%
Lyle
25%
Madelia
25%
Mahnomen
25%
Mahtomedi
25%
Manitoba Junction
25%
Maple
25%
Maple Grove
25%
Maple Lake
25%
Maple Plain
25%
Marshall
25%
May
25%
Maynard
25%
Milaca
25%
Minnesota City
25%
Minnesota Lake
25%
Minnetonka Beach
25%
Moland
25%
Montevideo
25%
Montgomery
25%
Monticello
25%
Mora
25%
Morris
25%
Moscow
25%
Motley
25%
Muskoda
25%
New London
25%
Newport
25%
New Richland
25%
Newton
25%
New York Mills
25%
Nicollet
25%
Nisswa
25%
Northfield
25%
North Mankato
25%
Nowthen
25%
Oakdale
25%
Oakland
25%
Oakport
25%
Ogilvie
25%
Olivia
25%
Onamia
25%
Orono
25%
Orton
25%
Ortonville
25%
Osakis
25%
Ostrander
25%
Otisco
25%
Otsego
25%
Owatonna
25%
Parke
25%
Parker
25%
Parkers Prairie
25%
Park Rapids
25%
Pease
25%
Pelican
25%
Pelican Rapids
25%
Pemberton
25%
Penn
25%
Pennock
25%
Perham
25%
Pine Island
25%
Pine River
25%
Pine Springs
25%
Pipestone
25%
Plainview
25%
Plymouth
25%
Preston
25%
Prinsburg
25%
Randall
25%
Randolph
25%
Ray
25%
Raymond
25%
Red Lake
25%
Red Lake Falls
25%
Redwood Falls
25%
Rice
25%
Richfield
25%
Richmond
25%
Rochester
25%
Rock
25%
Rockford
25%
Rockville
25%
Rogers
25%
Rollingstone
25%
Roscoe
25%
Roseau
25%
Roseville
25%
Rothsay
25%
Round Lake
25%
Royal
25%
Royalton
25%
Rush City
25%
Rustad
25%
Sabin
25%
Saginaw
25%
Scandia
25%
Scanlon
25%
Sebeka
25%
Sedan
25%
Shakopee
25%
Sherburn
25%
Shevlin
25%
Silver Bay
25%
Silver Creek
25%
Skandia
25%
Slayton
25%
Sleepy Eye
25%
South Haven
25%
Spicer
25%
Springfield
25%
Spring Grove
25%
Spring Park
25%
Staples
25%
Stewart
25%
Stewartville
25%
St. Francis
25%
St. James
25%
St. Joseph
25%
St. Michael
25%
St. Paul Park
25%
Sunburg
25%
Swanville
25%
Taconite
25%
Taconite Harbor
25%
The Lakes
25%
Thief River Falls
25%
Thomson
25%
Truman
25%
Upsala
25%
Vergas
25%
Verndale
25%
Wadena
25%
Waite Park
25%
Waldo
25%
Waldorf
25%
Walker
25%
Wanamingo
25%
Warroad
25%
Waseca
25%
Watkins
25%
Wells
25%
Wheaton
25%
Williams
25%
Willmar
25%
Wilton
25%
Winnebago
25%
Winnipeg Junction
25%
Winsted
25%
Winthrop
25%
Woodbury
25%
Worthington
25%
Wyoming
25%
Young America
25%
Zumbro
25%
Zumbrota
25%
157-30
0%
158-30
0%
Aastad
0%
Acoma
0%
Aetna
0%
Agassiz
0%
Agder
0%
Agram
0%
Airlie
0%
Alango
0%
Alaska
0%
Alborn
0%
Albright
0%
Aldrich
0%
Alfsborg
0%
Alger
0%
Alida
0%
Alliance
0%
Alma City
0%
Almond
0%
Alta Vista
0%
Altona
0%
Alvwood
0%
Amador
0%
Amherst C
0%
Amo
0%
Amor
0%
Andrea
0%
Andree
0%
Andyville
0%
Angle
0%
Angle Inlet
0%
Angora
0%
Angus
0%
Ann Lake a
0%
Ansel
0%
Anthony
0%
Antrim
0%
Arago
0%
Arbo
0%
Arctander
0%
Ardenhurst
0%
Arena
0%
Arendahl C
0%
Arlone
0%
Armstrong
0%
Arna
0%
Arrowhead
0%
Arthur
0%
Arthur a
0%
Arthyde
0%
Artichoke
0%
Arveson
0%
Asbury
0%
Ash Creek
0%
Ash Lake
0%
Ashland
0%
Ashley
0%
Ashton
0%
Assumption
0%
Athens
0%
Atherton
0%
Atlanta
0%
Augsburg
0%
Augusta
0%
Ault
0%
Aurdal
0%
Automba
0%
Avoca
0%
Badger
0%
Badoura
0%
Bailey
0%
Baldwin
0%
Balkan
0%
Ball Bluff
0%
Balsam
0%
Bancroft
0%
Bandon
0%
Bangor
0%
Barber
0%
Barclay
0%
Barnett
0%
Baroda
0%
Barrett
0%
Barrows
0%
Barry
0%
Barsness
0%
Bartlett
0%
Barto
0%
Bashaw
0%
Bassett
0%
Bass Lake
0%
Basswood Grove
0%
Bath
0%
Battle Plain
0%
Baudette
0%
Bay Lake
0%
Baytown
0%
Bear Creek
0%
Bear Park
0%
Bear River
0%
Bear Valley
0%
Bearville
0%
Beatty
0%
Beauford
0%
Beaulieu
0%
Beaver C
0%
Beaver Creek
0%
Beaver Falls
0%
Bechyn
0%
Beckville
0%
Bee
0%
Belden, Minnesota
0%
Belfast
0%
Belgium
0%
Bellaire
0%
Belle Creek
0%
Belle Prairie
0%
Belle River
0%
Bellevue
0%
Bellingham
0%
Belmont
0%
Belvidere
0%
Belvidere Mills
0%
Belview
0%
Benedict
0%
Bengal
0%
Bennettville
0%
Benning
0%
Bennington
0%
Benoit
0%
Benton
0%
Benville
0%
Ben Wade
0%
Bergen
0%
Bergville
0%
Berlin
0%
Bernadotte
0%
Berne
0%
Beseman
0%
Betcher, Minnesota
0%
Bethany
0%
Beulah
0%
Big Bend
0%
Big Bend City
0%
Bigelow
0%
Big Falls
0%
Big Stone
0%
Big Stone Colony
0%
Big Woods
0%
Bingham Lake
0%
Birch Beach
0%
Birch Cooley
0%
Birch Creek
0%
Birchdale
0%
Birch Lake
0%
Biscay
0%
Bismarck
0%
Bixby
0%
Blackberry
0%
Black Hammer
0%
Blackhoof
0%
Black River
0%
Blakeley
0%
Blind Lake
0%
Blomford
0%
Bloomer
0%
Bloomfield C
0%
Blooming Grove
0%
Blowers
0%
Blue Eagle
0%
Blue Grass
0%
Blue Hill
0%
Blue Mounds
0%
Bodum
0%
Bogus Brook
0%
Boisberg
0%
Bombay
0%
Bonanza Grove
0%
Bondin
0%
Bongards
0%
Boone
0%
Boon Lake
0%
Borgholm
0%
Bowstring
0%
Boxville
0%
Boyd
0%
Boy Lake
0%
Boy River
0%
Bradbury
0%
Bradford
0%
Bramble
0%
Brandon
0%
Brandrup
0%
Brandsvold
0%
Brandt
0%
Bratsberg
0%
Bray
0%
Breitung
0%
Bremen
0%
Brennyville
0%
Brevator
0%
Brevik
0%
Bridgeman
0%
Bridgewater
0%
Briggs Lake
0%
Brighton
0%
Brimson
0%
Brislet
0%
Bristol C
0%
Britt
0%
Brockway
0%
Brookfield
0%
Brookville
0%
Browns Creek
0%
Bruce
0%
Brunswick
0%
Brunswick a
0%
Brush Creek
0%
Brushvale
0%
Buckman
0%
Bullard
0%
Bull Moose
0%
Bunde
0%
Bungo
0%
Burbank
0%
Burchard
0%
Burke
0%
Burleene
0%
Burlington
0%
Burnett
0%
Burnhamville
0%
Burnstown
0%
Burntside
0%
Burr
0%
Burton
0%
Burtrum
0%
Buse
0%
Butler
0%
Butternut Valley
0%
Buyck
0%
Buzzle
0%
Bygland
0%
Cairo
0%
Calumet
0%
Cambria
0%
Camden
0%
Cameron
0%
Camp 5
0%
Camp Lacupolis
0%
Camp Lake
0%
Camp Release
0%
Candor
0%
Canisteo
0%
Cannon City
0%
Canosia
0%
Canton
0%
Canton C
0%
Canyon
0%
Caribou
0%
Carimona C
0%
Carlston
0%
Carmody
0%
Carnegie
0%
Carpenter
0%
Carrolton C
0%
Carson
0%
Carsonville
0%
Cascade
0%
Cashel
0%
Casino
0%
Casperson
0%
Castle Rock
0%
Cazenovia
0%
Cedarbend
0%
Cedar Lake
0%
Cedar Mills
0%
Cedar Valley
0%
Celina
0%
Center Creek
0%
Central
0%
Central Lakes
0%
Ceresco
0%
Cerro Gordo
0%
Ceylon
0%
Chamberlain
0%
Champion
0%
Chanarambie
0%
Chandler
0%
Charlestown
0%
Charlesville
0%
Chatfield C
0%
Chatham
0%
Chengwatana
0%
Cherry
0%
Cherry Grove
0%
Chickamaw Beach
0%
Chief
0%
Childs
0%
Chilgren
0%
Chippewa City, Minnesota
0%
Chippewa Falls
0%
Chisago Lake
0%
Christiania
0%
Churchill
0%
Cisco
0%
Clay
0%
Claybank
0%
Clayton
0%
Clear Grit, Minnesota
0%
Clements
0%
Clementson
0%
Clifton
0%
Climax
0%
Clinton Falls
0%
Clover
0%
Cloverdale
0%
Clover Leaf
0%
Cloverton
0%
Clover Valley
0%
Clow
0%
Clyde
0%
Coin
0%
Collins
0%
Collinwood
0%
Collis
0%
Colvin
0%
Comfort a
0%
Como
0%
Compton
0%
Concord
0%
Coney Island
0%
Connelly
0%
Coon Creek
0%
Copley
0%
Cordova
0%
Corinna
0%
Corliss
0%
Cormant
0%
Corning
0%
Cornish
0%
Corona
0%
Correll
0%
Corvuso
0%
Costin Village
0%
Cove
0%
Craigville
0%
Cramer
0%
Crane Lake
0%
Crate
0%
Credit River
0%
Cresson
0%
Croke
0%
Cromwell
0%
Crooked Creek
0%
Crooked Lake
0%
Crosby Beach
0%
Crow Lake
0%
Crown
0%
Crow River
0%
Crow Wing
0%
Crow Wing Lake
0%
Crystal Bay
0%
Cuba
0%
Cuba, Minnesota
0%
Culdrum
0%
Culver
0%
Cummingsville
0%
Current Lake
0%
Currie
0%
Cusson
0%
Custer
0%
Cutler
0%
Cuyuna
0%
Daggett Brook
0%
Dailey
0%
Dakomin
0%
Dakota
0%
Dane Prairie
0%
Danesville
0%
Danforth
0%
Danielson
0%
Danube
0%
Danvers
0%
Danville
0%
Darfur
0%
Darling
0%
Darnen
0%
Darwin
0%
Davis
0%
Dead Lake
0%
Decoria
0%
Deerfield
0%
Deerhorn
0%
Deer Park
0%
De Graff
0%
Delafield
0%
Delaware
0%
Delft
0%
Delhi
0%
Dell Grove
0%
Delton
0%
Denham
0%
Denmark
0%
Dennison
0%
Denver
0%
Derrynane
0%
Des Moines
0%
Des Moines River
0%
Dewald
0%
Dewey
0%
Diamond Corner
0%
Diamond Lake
0%
Dickinson, Minnesota
0%
Dieter
0%
Dollymount
0%
Donaldson
0%
Donehower
0%
Dora Lake
0%
Doran
0%
Dorothy
0%
Dotson
0%
Douglas
0%
Dovre
0%
Drammen
0%
Dresbach
0%
Dryden
0%
Dublin
0%
Dudley
0%
Duelm
0%
Duesler
0%
Dugdale
0%
Dumfries
0%
Dumont
0%
Dunbar
0%
Dundee
0%
Dunnell
0%
Duquette
0%
Durand
0%
Duxbury
0%
Eagle Point
0%
Eagles Nest
0%
Eagle Valley
0%
Eagle View
0%
East Chain
0%
Eastern
0%
East Lake
0%
East Lake Lillian
0%
East Park
0%
East Side
0%
East Valley
0%
Ebro
0%
Echo
0%
Echols
0%
Eckles
0%
Eckvoll
0%
Eddy
0%
Eden Lake
0%
Edgewood
0%
Edison
0%
Edna
0%
Effie
0%
Effington
0%
Eglon
0%
Eidsvold
0%
Elba
0%
Elcor
0%
Eldorado
0%
Eldred
0%
Elk Lake
0%
Elkton
0%
Ellington
0%
Elliota, Minnesota
0%
Ellis
0%
Ellsborough
0%
Ellsburg
0%
Ellson
0%
Ellsworth
0%
Elm Creek
0%
Elmdale
0%
Elmer
0%
Elmira
0%
Elm Park
0%
Elmwood
0%
Emardville
0%
Embarrass
0%
Emerald
0%
Emmet
0%
Enfield
0%
Englund
0%
Enstrom
0%
Enterprise
0%
Epsom
0%
Equality
0%
Erdahl
0%
Erhards Grove
0%
Ericsburg
0%
Ericson
0%
Erie
0%
Erin
0%
Espelie
0%
Essig
0%
Esterdy
0%
Estes Brook
0%
Esther
0%
Etna
0%
Etter
0%
Eureka
0%
Eureka Center
0%
Everdell
0%
Everglade
0%
Everts
0%
Ewington
0%
Fahlun
0%
Fairbanks
0%
Fairfield
0%
Fair Haven
0%
Fairhaven
0%
Fairland, Minnesota
0%
Fairpoint, Minnesota
0%
Fairview
0%
Falk
0%
Fall Lake
0%
Falun
0%
Fanny
0%
Farden
0%
Farley
0%
Farm Island
0%
Farris
0%
Farwell
0%
Faunce
0%
Fawn Lake
0%
Faxon
0%
Fayal
0%
Featherstone
0%
Federal Dam
0%
Feeley
0%
Fenton
0%
Fermoy
0%
Fern
0%
Fernando
0%
Field
0%
Fieldon
0%
Fillmore C
0%
Fine Lakes
0%
Finkle
0%
Finland
0%
Finlayson
0%
Fisher
0%
Fish Lake
0%
Five Points
0%
Fleming
0%
Flensburg
0%
Flora
0%
Florence
0%
Florenton
0%
Florian
0%
Florida
0%
Flowing
0%
Foldahl
0%
Folden
0%
Folsom
0%
Forbes
0%
Ford a
0%
Forest Area
0%
Forest City
0%
Forest Grove
0%
Forest Mills
0%
Forest Prairie
0%
Forestville C
0%
Forestville (see also Forestville Mystery Cave State Park)
0%
Fork
0%
Fortier
0%
Fossum
0%
Foster
0%
Fountain
0%
Fountain C
0%
Fountain Prairie
0%
Fox Lake
0%
Framnas
0%
Frankford
0%
Fraser
0%
Frazee
0%
Fredenberg
0%
Freeborn
0%
Freeburg
0%
Freedhem
0%
Freedom
0%
Freeland
0%
Freeman
0%
Fremont
0%
French
0%
French Lake
0%
French River
0%
Friberg
0%
Friendship
0%
Friesland
0%
Frohn
0%
Frontier
0%
Fruitville
0%
Gail Lake
0%
Galena
0%
Gales
0%
Garden
0%
Garden City
0%
Garen
0%
Garfield
0%
Garnes
0%
Garrison
0%
Garvin
0%
Gates Corner
0%
Gatzke
0%
Gem Lake
0%
Gemmell
0%
Gennessee
0%
Genoa
0%
Genola
0%
Gentilly
0%
Georgetown
0%
Georgeville
0%
Germania
0%
Germantown
0%
Gervais
0%
Getty
0%
Gheen
0%
Gheen Corner
0%
Ghent
0%
Giese
0%
Gilchrist
0%
Gilfillan
0%
Gillford
0%
Gilman
0%
Gilmanton
0%
Girard
0%
Glasgow
0%
Glendale
0%
Glendorado
0%
Glory
0%
Gluek
0%
Gnesen
0%
Godahl
0%
Godfrey
0%
Golden Valley
0%
Gonvick
0%
Good Hope
0%
Goodland
0%
Goodridge
0%
Good Thunder
0%
Goodview
0%
Goose Prairie
0%
Gorman
0%
Gorton
0%
Gotha
0%
Gould
0%
Gowan
0%
Grace
0%
Gracelock
0%
Graceton
0%
Graceville
0%
Graff
0%
Grafton
0%
Graham
0%
Graham Lakes
0%
Granada
0%
Granby
0%
Grand Falls
0%
Grand Forks
0%
Grand Lake
0%
Grand Plain
0%
Grandview
0%
Grandy
0%
Grange
0%
Granger
0%
Granite Ledge
0%
Granite Rock
0%
Grant Valley
0%
Granville
0%
Grass Lake
0%
Grass Lake a
0%
Grattan
0%
Gray
0%
Greaney
0%
Great Bend
0%
Great Scott
0%
Greeley
0%
Greenbush
0%
Greenfield
0%
Green Isle
0%
Green Lake
0%
Greenland
0%
Greenleaf
0%
Greenleafton
0%
Green Meadow
0%
Green Prairie
0%
Greenvale
0%
Green Valley
0%
Greenwald
0%
Greenway
0%
Greenwood
0%
Gregory
0%
Grey Cloud Island
0%
Grey Eagle
0%
Grimstad
0%
Grogan
0%
Groningen
0%
Grove Lake
0%
Grove Park-Tilden
0%
Grover
0%
Grygla
0%
Gudrid
0%
Gully
0%
Guthrie
0%
Hackensack
0%
Hackett
0%
Hader
0%
Hadler
0%
Hadley
0%
Hagali
0%
Hagan
0%
Hagen
0%
Halden
0%
Hale
0%
Halma
0%
Halstad
0%
Hamburg
0%
Hamden
0%
Ham Lake
0%
Hamlin
0%
Hammer
0%
Hammond
0%
Hampden
0%
Hampton
0%
Hamre
0%
Hangaard
0%
Hanley Falls
0%
Hanover
0%
Hanska
0%
Hansonville
0%
Hantho
0%
Harding
0%
Hardwick
0%
Harlis, Minnesota
0%
Harmony C
0%
Harney
0%
Harris
0%
Harrison
0%
Hart
0%
Hartford
0%
Hart Lake
0%
Hartland
0%
Harvey
0%
Hassan
0%
Hassan Valley
0%
Hassman
0%
Hatfield
0%
Haug
0%
Haugen
0%
Havana
0%
Havelock
0%
Haven
0%
Haverhill
0%
Hawk Creek
0%
Hay Brook a
0%
Hay Creek
0%
Haydenville
0%
Hayes
0%
Hayfield
0%
Hayland
0%
Haypoint
0%
Hayward
0%
Hazel
0%
Hazel Run
0%
Hazelton
0%
Hazelwood
0%
Heatwole
0%
Hegbert
0%
Hegne
0%
Heiberg
0%
Heidelberg
0%
Heier
0%
Height of Land
0%
Helen
0%
Helena
0%
Helga
0%
Helgeland
0%
Henderson
0%
Henderson Station
0%
Hendricks
0%
Hendrickson
0%
Hendrum
0%
Henning
0%
Henrietta
0%
Henriette
0%
Henrytown
0%
Henryville
0%
Hereim
0%
Herman
0%
Hermantown
0%
Heron Lake
0%
Hersey
0%
Hibbing
0%
Hickory
0%
Higdem
0%
High Forest
0%
Highland
0%
Highland Grove
0%
Highlanding
0%
Highwater
0%
Hill
0%
Hill City
0%
Hill Lake
0%
Hillman
0%
Hillman a
0%
Hill River
0%
Hills
0%
Hillsdale
0%
Hilltop
0%
Hines
0%
Hiram
0%
Hitterdal
0%
Hobart
0%
Hodges
0%
Hoff
0%
Hoffman
0%
Hokah
0%
Holland
0%
Hollandale
0%
Holloway
0%
Holly
0%
Hollywood
0%
Holmes City
0%
Holmesville
0%
Holst
0%
Holt
0%
Holt C
0%
Holy Cross
0%
Holyoke
0%
Home Brook
0%
Homedahl
0%
Home Lake
0%
Homer
0%
Homestead
0%
Honner
0%
Hope
0%
Hopkins
0%
Hornet
0%
Horton
0%
Houpt
0%
Hovland
0%
Hoyt Lakes
0%
Hubbard
0%
Hudson
0%
Hugo
0%
Humboldt
0%
Hunter
0%
Huntersville
0%
Huntley
0%
Huntly
0%
Huntsville
0%
Huot
0%
Huss
0%
Hyde Park
0%
Iberia
0%
Ida
0%
Ideal
0%
Ideal Corners
0%
Idington
0%
Idun
0%
Ihlen
0%
Illgen City
0%
Imogene
0%
Independence
0%
Indian Lake
0%
Indus
0%
Industrial
0%
Inger
0%
Inguadona
0%
Inman
0%
Iona
0%
Iosco
0%
Irondale
0%
Iron Hub
0%
Iron Junction
0%
Iron Range
0%
Irving
0%
Isabella
0%
Isanti
0%
Island Lake
0%
Island View
0%
Isle
0%
Isle Harbor
0%
Itasca
0%
Iverson
0%
Jacobs Prairie
0%
Jadis
0%
Jakeville
0%
Jameson
0%
Jamestown
0%
Jarrett
0%
Jasper
0%
Jay
0%
Jefferson
0%
Jennie
0%
Jessenland
0%
Jessie Lake
0%
Jevne
0%
Jo Daviess
0%
Johnsburg
0%
Johnson
0%
Johnsonville
0%
Jones
0%
Jordan C
0%
Judge
0%
Judson
0%
Jupiter
0%
Kabekona
0%
Kabetogama
0%
Kalevala
0%
Kalmar
0%
Kanabec a
0%
Kanaranzi
0%
Kandiyohi
0%
Kandota
0%
Karlstad
0%
Kasota
0%
Kasson
0%
Kathio
0%
Keenan
0%
Keene
0%
Keewatin
0%
Kego
0%
Kelsey
0%
Kelso
0%
Kennedy
0%
Kenneth
0%
Kensington
0%
Kent
0%
Kenyon
0%
Kerrick
0%
Kertsonville
0%
Kettle River
0%
Keystone
0%
Kiel
0%
Kildare
0%
Kilkenny
0%
Kimberly
0%
Kinbrae
0%
Kinghurst
0%
Kingman
0%
Kingsdale
0%
Kinney
0%
Kintire
0%
Klondyke
0%
Klossner
0%
Knapp
0%
Knife Lake a
0%
Knife River
0%
Knute
0%
Komensky
0%
Koniska
0%
Kost
0%
Kragero
0%
Krain
0%
Kratka
0%
Kroschel
0%
Kugler
0%
Lac qui Parle
0%
La Crescent
0%
La Crosse
0%
Lafayette
0%
La Garde
0%
Lagoona Beach
0%
La Grand
0%
Lake Addie, Minnesota
0%
Lake Alice
0%
Lake Andrew
0%
Lake Belt
0%
Lake Benton
0%
Lake Bronson
0%
Lake Crystal
0%
Lake Edwards
0%
Lake Elizabeth
0%
Lake Elmo
0%
Lake Emma
0%
Lake Eunice
0%
Lakefield
0%
Lake Fremont
0%
Lake George
0%
Lake Grove
0%
Lake Hanska
0%
Lake Hattie
0%
Lake Henry
0%
Lake Hubert
0%
Lake Ida
0%
Lake Jessie
0%
Lake Johanna
0%
Lakeland
0%
Lakeland Shores
0%
Lake Lena
0%
Lake Marshall
0%
Lake Mary
0%
Lake Pleasant
0%
Lakeport
0%
Lake Prairie
0%
Lake Sarah
0%
Lake Shore
0%
Lakeside
0%
Lake Stay
0%
Lake St. Croix Beach
0%
Laketown
0%
Lake Valley
0%
Lake View
0%
Lakeview
0%
Lake Wilson
0%
Lakewood
0%
Lakin
0%
Lambert
0%
Lamberton
0%
Lammers
0%
Lamoille
0%
Lamson
0%
Lancaster
0%
Landfall
0%
Lanesboro
0%
Lanesburgh
0%
Langhei
0%
Langola
0%
Langor
0%
Laona
0%
Laporte
0%
La Prairie
0%
Larkin
0%
Larsmont
0%
La Salle
0%
Lastrup
0%
Lauderdale
0%
Lavell
0%
Lawler
0%
Lawndale
0%
Lawrence
0%
Lax Lake
0%
Leader
0%
Leaf Lake
0%
Leaf Mountain
0%
Leaf River
0%
Leaf Valley
0%
Leavenworth
0%
Le Center
0%
Lee
0%
Leech Lake
0%
Leeds
0%
Leenthrop
0%
Legionville
0%
LeHillier
0%
Leiding
0%
Leigh
0%
Lemond
0%
Lengby
0%
Lenora
0%
Lent
0%
Leo
0%
Leon
0%
Leonard
0%
Leonardsville
0%
Leonidas
0%
Leota
0%
Le Ray
0%
Le Sauk
0%
Leslie
0%
Lessor
0%
Lester Prairie
0%
Le Sueur
0%
Leven
0%
Lewis Lake
0%
Lewisville
0%
Libby
0%
Liberty
0%
Lida
0%
Lien
0%
Lilydale
0%
Lima
0%
Lime
0%
Lime Creek
0%
Lime Lake
0%
Limestone
0%
Lind
0%
Linden
0%
Linden Grove
0%
Lindford
0%
Lindstrom
0%
Linsell
0%
Linwood
0%
Lisbon
0%
Lismore
0%
Litomysl
0%
Little Canada
0%
Little Chicago
0%
Little Elbow
0%
Little Elk
0%
Littlefork
0%
Little Marais
0%
Little Pine
0%
Little Rock
0%
Little Sauk
0%
Livonia
0%
Lockhart
0%
Lodi
0%
Loerch
0%
Logan
0%
Loman
0%
London
0%
Lone Pine
0%
Lone Tree
0%
Long Beach
0%
Long Lake
0%
Long Siding
0%
Longville
0%
Longworth
0%
Lonsdale
0%
Loon Lake
0%
Lorain
0%
Loretto
0%
Lorne
0%
Louisburg
0%
Louisville
0%
Louriston
0%
Lowell
0%
Lowry
0%
Lowville
0%
Lucan
0%
Lucas
0%
Luce
0%
Lude
0%
Luna
0%
Lund
0%
Lura
0%
Lutsen
0%
Luxemburg
0%
Lydia
0%
Lynd
0%
Lynden
0%
Lynn
0%
Lyons
0%
Lyra
0%
Mabel
0%
Mack
0%
Macsville
0%
Macville
0%
Madison
0%
Madison Lake
0%
Mae
0%
Magnolia
0%
Mahkonce
0%
Mahtowa
0%
Maine
0%
Maine Prairie
0%
Makinen
0%
Mallard
0%
Mallory
0%
Malmo
0%
Malta
0%
Malung
0%
Mamre
0%
Manannah
0%
Manchester
0%
Mandt
0%
Maney
0%
Manfred
0%
Manganese
0%
Manhattan Beach
0%
Manley
0%
Mansfield
0%
Manston
0%
Mantorville
0%
Mantrap
0%
Manyaska
0%
Maple Bay
0%
Maple Island
0%
Maple Ridge
0%
Maple Springs
0%
Mapleton
0%
Mapleview
0%
Maplewood
0%
Marble
0%
Marcell
0%
March
0%
Margie
0%
Marietta
0%
Marine on St. Croix
0%
Marion
0%
Markham
0%
Markville
0%
Marna
0%
Marshan
0%
Marsh Creek
0%
Marshfield
0%
Marsh Grove
0%
Martin
0%
Martin Lake
0%
Martinsburg
0%
Marty
0%
Mary
0%
Marysburg
0%
Marysland
0%
Marystown
0%
Marysville
0%
Mason
0%
Matawan
0%
Mavie
0%
Max
0%
Maxwell
0%
Mayer
0%
Mayfield
0%
Mayhew
0%
Mayhew Lake
0%
Mayville
0%
Maywood
0%
Mazeppa
0%
McCauleyville
0%
McComber
0%
McCrea
0%
McDavitt
0%
McDonaldsville
0%
McDougald
0%
McGrath
0%
McGregor
0%
McIntosh
0%
McKinley
0%
McNair
0%
McPherson
0%
Meadow
0%
Meadow Brook
0%
Meadowlands
0%
Meadows
0%
Medford
0%
Medicine Lake
0%
Medina
0%
Medo
0%
Mehurin
0%
Meire Grove
0%
Melby
0%
Melrose
0%
Melrude
0%
Melville
0%
Menahga
0%
Mendota
0%
Mendota Heights
0%
Mentor
0%
Meriden
0%
Merrifield
0%
Merton
0%
Mickinock
0%
Middle River
0%
Middletown
0%
Middleville
0%
Midway
0%
Miesville
0%
Milan
0%
Mildred
0%
Milford
0%
Millersburg
0%
Millerville
0%
Millville
0%
Millward
0%
Millwood
0%
Milo
0%
Miloma
0%
Milroy
0%
Milton
0%
Miltona
0%
Minden
0%
Mineral Center
0%
Minerva
0%
Minneiska
0%
Minneola
0%
Minneota
0%
Minnesota Falls
0%
Minnetrista
0%
Minnewaska
0%
Minnewawa
0%
Minnie
0%
Mission
0%
Mission Creek
0%
Mitchell
0%
Mizpah
0%
Moe
0%
Moltke
0%
Money Creek
0%
Monroe
0%
Monson
0%
Montrose
0%
Moonshine
0%
Moore
0%
Moose
0%
Moose Creek
0%
Moose Lake
0%
Moose Park
0%
Moose River
0%
Moran
0%
Moranville
0%
Morcom
0%
Morgan
0%
Morken
0%
Morrill
0%
Morrison
0%
Morristown
0%
Morse
0%
Morton
0%
Moulton
0%
Mound
0%
Mound Prairie
0%
Mounds View
0%
Mountain Iron
0%
Mountain Lake
0%
Mount Morris
0%
Mount Pleasant
0%
Mount Vernon
0%
Moyer
0%
Moylan
0%
Mudbaden
0%
Mudgett
0%
Mulligan
0%
Munch
0%
Munger
0%
Munson
0%
Murdock
0%
Murphy City
0%
Murray
0%
Myhre
0%
Myrtle
0%
Nary
0%
Nashua
0%
Nashville
0%
Nashville Center
0%
Nashwauk
0%
Nassau
0%
Naytahwaush
0%
Nebish
0%
Nelson
0%
Nelson Park
0%
Nemadji
0%
Nereson
0%
Nerstrand
0%
Nesbit
0%
Ness
0%
Nessel
0%
Nett Lake
0%
Nevada
0%
Nevis
0%
New Auburn
0%
New Avon
0%
Newburg
0%
Newburg C
0%
New Dosey
0%
New Folden
0%
Newfolden
0%
New Germany
0%
New Hartford
0%
New Haven
0%
New Hope
0%
Newhouse
0%
New Independence
0%
New Maine
0%
New Market
0%
New Munich
0%
New Prague
0%
New Prairie
0%
New Rome
0%
Newry
0%
New Solum
0%
New Sweden
0%
New Trier
0%
New Ulm
0%
Nichols
0%
Nickerson
0%
Nicolville
0%
Nidaros
0%
Nielsville
0%
Nilsen
0%
Nimrod
0%
Nininger
0%
Nodine
0%
Nokay Lake
0%
Nora
0%
Norcross
0%
Norden
0%
Nordick
0%
Nordland
0%
Nore
0%
Norfolk
0%
Norman
0%
Normania
0%
Normanna
0%
Norseland
0%
North Benton
0%
North Branch
0%
Northcote
0%
Northern
0%
North Fork
0%
North Germany
0%
North Hero
0%
Northland
0%
North Oaks
0%
Northome
0%
North Ottawa
0%
North Prairie
0%
North Red River
0%
Northrop
0%
North Star
0%
Norton
0%
Norway
0%
Norway C
0%
Norway Lake
0%
Norwegian Grove
0%
Noyes
0%
Numedal
0%
Nunda
0%
Oak Center
0%
Oak Grove
0%
Oak Lake
0%
Oak Lawn
0%
Oak Park
0%
Oak Park Heights
0%
Oakridge
0%
Oak Valley
0%
Oakwood
0%
O'Brien
0%
Odessa
0%
Odin
0%
Ogema
0%
Okabena
0%
Oklee
0%
Old Crow Wing
0%
Old Wadena
0%
Olney
0%
Omro
0%
Onigum
0%
Onstad
0%
Opole
0%
Opstead
0%
Orange
0%
Org
0%
Orion
0%
Orleans
0%
Ormsby
0%
Oronoco
0%
Orr
0%
Orrock
0%
Orth
0%
Orwell
0%
Osage
0%
Osborne
0%
Oscar
0%
Osceola
0%
Oshawa
0%
Oshkosh
0%
Oslo
0%
Osseo
0%
Oster
0%
Oteneagen
0%
Otrey
0%
Ottawa
0%
Otter Creek
0%
Otter Tail
0%
Ottertail
0%
Otter Tail Peninsula
0%
Otto
0%
Outing
0%
Owanka
0%
Owens
0%
Oxford
0%
Oxlip
0%
Oylen
0%
Paddock
0%
Padua
0%
Page
0%
Palisade
0%
Palmdale
0%
Palmer
0%
Palmers
0%
Palmville
0%
Palmyra
0%
Palo
0%
Parent
0%
Parkdale
0%
Parkton
0%
Parnell
0%
Partridge
0%
Paupores
0%
Paxton
0%
Peace a
0%
Peary
0%
Pelan
0%
Pelican Lake
0%
Pelland
0%
Pembina
0%
Penasse
0%
Pencer
0%
Pengilly
0%
Pennington
0%
Pepin
0%
Pepperton
0%
Pequaywan
0%
Pequot Lakes
0%
Perault
0%
Perch Lake
0%
Percy
0%
Perkins
0%
Perley
0%
Perry
0%
Perry Lake
0%
Perth
0%
Petersburg
0%
Peterson
0%
Petran
0%
Petrel
0%
Peyla
0%
Pfingsten
0%
Philbrook
0%
Pickerel Lake
0%
Pickwick
0%
Pierz
0%
Pigeon River
0%
Pike
0%
Pike Bay
0%
Pike Creek
0%
Pillager
0%
Pillsbury
0%
Pilot Grove
0%
Pilot Mound C
0%
Pine Bend
0%
Pine Brook
0%
Pine Center
0%
Pine Creek
0%
Pinecreek
0%
Pine Lake
0%
Pine Point
0%
Pinetop
0%
Pineville
0%
Pinewood
0%
Pitt
0%
Plato
0%
Platte
0%
Platte Lake
0%
Pleasant Grove
0%
Pleasant Hill
0%
Pleasant Mound
0%
Pleasant Prairie
0%
Pleasant Valley
0%
Pleasant View
0%
Pliny
0%
Plummer
0%
Pohlitz
0%
Point Douglas
0%
Pokegama
0%
Polk Centre
0%
Polonia
0%
Pomme de Terre
0%
Pomroy
0%
Pomroy a
0%
Ponemah
0%
Ponsford
0%
Ponto Lake
0%
Pontoria
0%
Poplar
0%
Poplar Grove
0%
Poplar River
0%
Popple
0%
Popple Creek
0%
Popple Grove
0%
Poppleton
0%
Portage
0%
Porter
0%
Port Hope
0%
Posen
0%
Post Town
0%
Potamo
0%
Potsdam
0%
Powers
0%
Prairie Lake
0%
Prairie View
0%
Prairieville
0%
Pratt
0%
Preble C
0%
Predmore
0%
Prescott
0%
Preston C
0%
Preston Lake
0%
Priam
0%
Princeton
0%
Prior
0%
Prior Lake
0%
Proctor
0%
Prosit
0%
Prosper
0%
Providence
0%
Pulaski
0%
Puposky
0%
Quamba
0%
Queen
0%
Quincy
0%
Quiring
0%
Rabbit Lake
0%
Rabey
0%
Raboin
0%
Racine
0%
Radium
0%
Rail Prairie
0%
Ramey
0%
Ramsey
0%
Ramshaw
0%
Ranier
0%
Ransom
0%
Rapidan
0%
Rapid River
0%
Rassat
0%
Rauch
0%
Ravenna
0%
Reading
0%
Reads Landing
0%
Redby
0%
Red Eye
0%
Redore, Hibbing
0%
Redpath
0%
Red Rock
0%
Red Top
0%
Red Wing
0%
Regal
0%
Reine
0%
Reiner
0%
Reis
0%
Remer
0%
Rendsville
0%
Reno
0%
Renova
0%
Renville
0%
Revere
0%
Reynolds
0%
Rheiderland
0%
Rhinehart
0%
Riceford
0%
Rice Lake
0%
Riceland
0%
Rice River
0%
Riceville
0%
Richardson
0%
Richardville
0%
Richdale
0%
Richland
0%
Rich Valley
0%
Richville
0%
Richwood
0%
Ridgely
0%
Ridgeway
0%
Ringe
0%
Ripley
0%
River
0%
Riverdale
0%
River Falls
0%
River Junction
0%
Riverland
0%
Riverside
0%
Riverton
0%
Robbin
0%
Robbinsdale
0%
Roberts
0%
Robinson
0%
Rochert
0%
Rock Creek
0%
Rock Dell
0%
Rock Lake
0%
Rocksbury
0%
Rockwell
0%
Rockwood
0%
Rollag
0%
Rolling Forks
0%
Rolling Green
0%
Rollins
0%
Rollis
0%
Rome
0%
Ronald
0%
Ronneby
0%
Roome
0%
Roosevelt
0%
Rosby
0%
Rosebud
0%
Rose Creek
0%
Rosedale
0%
Rose Dell
0%
Rose Hill
0%
Roseland
0%
Rosemount
0%
Rosen
0%
Rosendale
0%
Rosewood
0%
Rosing
0%
Ross
0%
Rossburg
0%
Ross Lake
0%
Rost
0%
Rosy
0%
Round Grove
0%
Round Prairie
0%
Rowena
0%
Roy Lake
0%
Rulien
0%
Rum River
0%
Runeberg
0%
Rushford
0%
Rushford Village
0%
Rush Lake
0%
Rushmore
0%
Rush Point
0%
Rush River
0%
Rushseba
0%
Ruskin
0%
Russell
0%
Russia
0%
Ruthton
0%
Rutland
0%
Rutledge
0%
Ryan
0%
Ryan Village
0%
Saco
0%
Sacred Heart
0%
Sago
0%
Salem
0%
Salem Corners
0%
Salida
0%
Salo
0%
Salol
0%
Sanborn
0%
Sand Creek
0%
Sanders
0%
Sand Lake
0%
Sandnes
0%
Sandstone
0%
Sandsville
0%
Sandy
0%
Sandy Lake
0%
Sandy Shores
0%
Sanford
0%
San Francisco
0%
Santiago
0%
Saratoga
0%
Sargeant
0%
Saum
0%
Savage
0%
Savannah
0%
Sawbill Landing
0%
Sawyer
0%
Sax
0%
Scambler
0%
Scandia Valley
0%
Schechs Mill
0%
Schley
0%
Schoolcraft
0%
Schroeder
0%
Sciota
0%
Scott
0%
Scotts Corner
0%
Seaforth
0%
Searles
0%
Seavey
0%
Section Thirty
0%
Seely
0%
Selma
0%
Severance
0%
Seward
0%
Shafer
0%
Shamrock
0%
Shanty Town
0%
Shaokatan
0%
Sharon
0%
Shaw
0%
Shelburne
0%
Shelby
0%
Sheldon
0%
Shell City
0%
Shell Lake
0%
Shell River
0%
Shell Rock
0%
Shelly
0%
Shephard
0%
Sheridan
0%
Sherman
0%
Sheshebee
0%
Shetek
0%
Shible
0%
Shieldsville
0%
Shingobee
0%
Shirley
0%
Shooks
0%
Shoreview
0%
Shorewood
0%
Shotley
0%
Shovel Lake
0%
Sibley
0%
Side Lake
0%
Siegel
0%
Sigel
0%
Silica
0%
Silver Brook
0%
Silver Corners
0%
Silverdale
0%
Silver Leaf
0%
Silverton
0%
Simar
0%
Simpson
0%
Sinclair
0%
Sinnott
0%
Sioux Agency
0%
Sioux Valley
0%
Six Mile Grove
0%
Skagen
0%
Skane
0%
Skelton
0%
Skibo
0%
Skime
0%
Skree
0%
Skyberg
0%
Skyline
0%
Slater
0%
Sletten
0%
Smiley
0%
Smith Lake
0%
Smiths Mill
0%
Smoky Hollow
0%
Snellman
0%
Snowball
0%
Sobieski
0%
Sodus
0%
Sogn
0%
Solem
0%
Soler
0%
Solway
0%
Somerset
0%
Soudan
0%
South Bend
0%
South Branch
0%
Southbrook
0%
South End
0%
South Fork a
0%
South Harbor
0%
South Red River
0%
South Ridge
0%
Southside
0%
South Silver Lake
0%
South Troy
0%
Spafford
0%
Spalding
0%
Spang
0%
Sparta
0%
Spencer
0%
Spencer Brook
0%
Spina
0%
Splithand
0%
Split Rock
0%
Splitrock
0%
Spooner
0%
Spring Brook
0%
Spring Creek
0%
Springdale
0%
Spring Hill
0%
Spring Lake
0%
Spring Lake Park
0%
Spring Prairie
0%
Springvale
0%
Spring Valley C
0%
Springwater
0%
Spruce
0%
Spruce Center
0%
Spruce Grove
0%
Spruce Hill
0%
Spruce Valley
0%
Squaw Lake
0%
Stacy
0%
Stafford
0%
Stanchfield
0%
Stanchfield Corner
0%
Stanford
0%
Stanley
0%
St. Anna
0%
St. Anthony
0%
St. Anthony Village
0%
Stanton
0%
Star
0%
Starbuck
0%
Stark
0%
Star Lake
0%
Stately
0%
St. Augusta
0%
St. Benedict
0%
St. Bonifacius
0%
St. Charles
0%
St. Clair
0%
Steamboat River
0%
Steele Center
0%
Steen
0%
Steenerson
0%
Sterling
0%
Sterling Center
0%
Stevens
0%
St. George
0%
St. Henry
0%
St. Hilaire
0%
Stillwater
0%
St. Johns
0%
St. Kilian
0%
St. Lawrence
0%
St. Leo
0%
St. Louis Park
0%
St. Martin
0%
St. Mary
0%
St. Marys Point
0%
St. Mathias
0%
St. Nicholas
0%
Stockholm
0%
Stockton
0%
Stokes
0%
St. Olaf
0%
Stoneham
0%
Stoney Brook
0%
Stony Brook
0%
Stony River
0%
Stony Run
0%
Storden
0%
Stowe Prairie
0%
St. Patrick
0%
St. Peter
0%
Straight River
0%
Strand
0%
Strandquist
0%
Strathcona
0%
St. Rosa
0%
Strout
0%
St. Stephen
0%
St. Thomas
0%
Sturgeon
0%
Sturgeon Lake
0%
St. Vincent
0%
St. Wendel
0%
Sugar Bush
0%
Sullivan
0%
Summit
0%
Summit Lake
0%
Sumner C
0%
Sumter
0%
Sundal
0%
Sundown
0%
Sunfish Lake
0%
Sunnyside
0%
Sunrise
0%
Suomi
0%
Svea
0%
Sveadahl
0%
Sverdrup
0%
Swanburg
0%
Swan Lake
0%
Swan River
0%
Swatara
0%
Swede Grove
0%
Swede Prairie
0%
Swedes Forest
0%
Sweet
0%
Swenoda
0%
Swift
0%
Swift Falls
0%
Swiftwater
0%
Sylvan
0%
Synnes
0%
Syre
0%
Tabor
0%
Taft
0%
Talmoon
0%
Tamarac
0%
Tamarack
0%
Tanberg
0%
Tansem
0%
Taopi
0%
Tara
0%
Taunton
0%
Taylor
0%
Taylors Falls
0%
Tegner
0%
Teien
0%
Tenhassen
0%
Ten Lake
0%
Tenmile Corner
0%
Ten Mile Lake
0%
Tenney
0%
Tenstrike
0%
Terrace
0%
Terrebonne
0%
Terrebonne, Minnesota
0%
Theilman
0%
The Ranch
0%
Thief Lake
0%
Third River
0%
Thomastown
0%
Thompson
0%
Thor
0%
Thorpe
0%
Three Lakes
0%
Thunder Lake
0%
Timothy
0%
Tintah
0%
Toad Lake
0%
Tobique
0%
Todd
0%
Tofte
0%
Togo
0%
Toimi
0%
Toivola
0%
Tonka Bay
0%
Topelius
0%
Toqua
0%
Tordenskjold
0%
Torfin
0%
Torning
0%
Torrey
0%
Tower
0%
Tracy
0%
Trail
0%
Transit
0%
Traverse
0%
Trelipe
0%
Trimont
0%
Trommald
0%
Trondhjem
0%
Trosky
0%
Trout Lake
0%
Troy
0%
Tumuli
0%
Tunsberg
0%
Turner
0%
Turtle Creek
0%
Turtle Lake
0%
Turtle River
0%
Twig
0%
Twin Lakes
0%
Twin Valley
0%
Two Harbors
0%
Two Inlets
0%
Two Rivers
0%
Tyler
0%
Tynsid
0%
Tyro
0%
Tyrone
0%
Udolpho
0%
Ulen
0%
Underwood
0%
Union
0%
Union Grove
0%
Union Hill
0%
Urbank
0%
Urness
0%
Utica
0%
Vadnais Heights
0%
Vail
0%
Vallers
0%
Valley
0%
Van Buren
0%
Varco
0%
Vasa
0%
Vawter
0%
Vega
0%
Veldt
0%
Verdi
0%
Verdon
0%
Vermilion Dam
0%
Vermilion Lake
0%
Vermillion
0%
Vernon
0%
Vernon Center
0%
Verona
0%
Veseli
0%
Vesta
0%
Vicksburg
0%
Victory
0%
Viding
0%
Vienna
0%
Viking
0%
Villard
0%
Vineland
0%
Vining
0%
Viola
0%
Virginia
0%
Vista
0%
Vivian
0%
Vlasaty
0%
Waasa
0%
Wabana
0%
Wabanica
0%
Wabasso
0%
Wabedo
0%
Waconia
0%
Wacouta
0%
Wagner
0%
Wahkon
0%
Wahlsten
0%
Wakefield
0%
Wakemup
0%
Walbo
0%
Walcott
0%
Walden
0%
Wales
0%
Walhalla
0%
Wall Lake
0%
Walls
0%
Walnut Grove
0%
Walnut Lake
0%
Walter
0%
Walters
0%
Waltham
0%
Walworth
0%
Wanda
0%
Wang
0%
Wanger
0%
Wangs
0%
Wannaska
0%
Warba
0%
Ward
0%
Ward Springs
0%
Warman
0%
Warren
0%
Warrenton
0%
Warsaw
0%
Washington Lake
0%
Wasioja
0%
Waskish
0%
Wastedo
0%
Watab
0%
Waterbury
0%
Waterford
0%
Watertown
0%
Waterville
0%
Watopa
0%
Watson
0%
Waubun
0%
Waukenabo
0%
Waukon
0%
Wawina
0%
Wayzata
0%
Wealthwood
0%
Weaver
0%
Weber
0%
Webster
0%
Wegdahl
0%
Weimer
0%
Welch
0%
Welcome
0%
Wellington
0%
Weme
0%
Wendell
0%
Wergeland
0%
West Albany
0%
West Albion
0%
West Bank
0%
Westbrook
0%
West Concord
0%
Westerheim
0%
Western
0%
Westfield
0%
Westford
0%
West Heron Lake
0%
West Lakeland
0%
Westline
0%
West Newton
0%
West Point
0%
Westport
0%
West Rock
0%
West Roy Lake
0%
Westside
0%
West Union
0%
West Valley
0%
Whalan
0%
Wheatland
0%
Wheeler
0%
Wheeler's Point
0%
Wheeling
0%
Whipholt
0%
White
0%
White Bear
0%
White Bear Lake
0%
Whited a
0%
White Earth
0%
Whiteface
0%
Whitefield
0%
Whiteford
0%
White Oak
0%
White Pine
0%
White Rock
0%
Whitewater
0%
Whitewater Falls
0%
Whitman
0%
Wilbert
0%
Wilder
0%
Wild Rice
0%
Wildwood
0%
Wilkinson
0%
Willernie
0%
Willington Grove
0%
Willow Creek
0%
Willow Lake
0%
Willow River
0%
Willow Valley
0%
Wilma
0%
Wilmington
0%
Wilmont
0%
Wilno
0%
Wilson
0%
Winchester
0%
Windemere
0%
Windom
0%
Windsor
0%
Winfield
0%
Winger
0%
Wing River
0%
Winner
0%
Winsor
0%
Winton
0%
Wirock
0%
Wirt
0%
Wisconsin
0%
Wiscoy
0%
Witoka
0%
Wolf
0%
Wolf Lake
0%
Wolford
0%
Wolverton
0%
Wood Lake
0%
Woodland
0%
Woodrow
0%
Woods
0%
Woodside
0%
Woodstock
0%
Woodville
0%
Workman
0%
Wrenshall
0%
Wright
0%
Wuori
0%
Wyandotte
0%
Wyanett
0%
Wyattville
0%
Wykeham
0%
Wykoff
0%
Wylie
0%
Yankeetown
0%
Yellow Bank
0%
York
0%
Yucatan
0%
Zemple
0%
Zerkel
0%
Zim
0%
Zimmerman
0%
Zion
0%
Zippel
0%
Zumbro Falls
0%
No matching quizzes found
Score Distribution
Percent of People with Each Score
Percentile by Number Answered
Your Score History
You have not taken this quiz since the last reset